| 000 | 00617nam a2200229Ia 4500 | ||
|---|---|---|---|
| 005 | 20230426115255.0 | ||
| 008 | 131103s9999 xx 000 0 und d | ||
| 020 | _a330237128 | ||
| 040 | _aLoreto College | ||
| 041 | _aEnglish | ||
| 082 |
_a823.8 _bBRO |
||
| 100 | _aBronte,Charlotte | ||
| 245 |
_aVillette _cCharlotte Bronte;introduction and notes by Gilbert Phelps |
||
| 260 |
_aLondon _bPan Book _c1973 |
||
| 300 | _axxvi,502 p. | ||
| 440 | _aA Pan Classics | ||
| 504 | _aIncludes bibliographical references | ||
| 650 | _aEnglish Fiction | ||
| 700 | _aPhelps,Gilbert | ||
| 850 | _aLCLIB | ||
| 942 | _cBK | ||
| 999 |
_c5356 _d55835 |
||